Acteurs ayant incarnés James Bond_Mort Subite - Statistiques

Statistiques générales
  • Ce quiz a été pris 69 fois
  • Le résultat moyen est 6 sur 8
Answers on the Grid
Answers color-coded by a green-red scale on the quiz's grid according to % correct below.
Barry Nelson
Cary Grant
Clive Owen
Daniel Craig
David Niven
George Lazenby
Henry Cavill
Jason Isaacs
Jeremy Irons
Jude Law
Pierce Brosnan
Richard Armitage
Roger Moore
Sean Connery
Terence Stamp
Timothy Dalton
 
Statistiques - réponses
Réponse % Correct
Daniel Craig
98%
Sean Connery
95%
Roger Moore
92%
Pierce Brosnan
91%
Timothy Dalton
78%
George Lazenby
57%
Barry Nelson
34%
David Niven
32%
Aucun quiz correspondant
Distribution des résultats
% des personnes avec chaque résultat
Percentile par nombre de réponses
Votre historique - résultats
Vous n’avez pas pris ce quiz